Curso de derecho comercial

Đã lưu trong:
Chi tiết về thư mục
Tác giả chính: Sandoval López, Ricardo (Tác giả)
Định dạng: Sách
Ngôn ngữ:Tiếng Tây Ban Nha
Được phát hành: Concepción Universidad de Concepción 1975
Những chủ đề:
Các nhãn: Thêm thẻ
Không có thẻ, Là người đầu tiên thẻ bản ghi này!

MARC

LEADER 00000nam a2200000 a 4500
001 UCY0934
003 CL-VaPUC
008 940818e19750000CL |||||||||||||||||spa|d
082 0 4 |a 346.07  |b SAN  |2 21 
100 0 |a Sandoval López, Ricardo  |e author  |9 170 
245 1 0 |a Curso de derecho comercial 
300 |a v 
942 |c BK 
945 |d 19940818 00:00:00  |a aalvarez 
260 |a Concepción  |b Universidad de Concepción  |c 1975 
650 0 |a Derecho comercial   |9 256340 
583 |a last modification  |c 19940818 00:00:00  |k Rodrigo Vera 
999 |c 229802  |d 229800 
952 |0 0  |1 0  |4 0  |6 346_070000000000000_SAN_1975  |7 0  |8 A  |9 231447  |a BIBDER  |b BIBDER  |d 2019-11-15  |h v.1  |i 3010279  |o 346.07 SAN 1975  |p 3010279  |r 2023-01-25  |w 2019-11-15  |y BK  |k DER